Statistics for 10 Biggest Cities in Order: United States

Click here to take the quiz!

General Stats

  • This quiz has been taken 81 times
  • The average score is 8 of 10

Answer Stats

# Answer % Correct
1New York
100%
2Los Angeles
100%
3Chicago
99%
4Houston
96%
5Philadelphia
88%
6Phoenix
68%
9Dallas
66%
8San Diego
60%
7San Antonio
59%
10San Jose
40%

Score Distribution

Percentile by Number Answered

Percent of People with Each Score

Your Score History

You have not taken this quiz